Využitie marketingových nástrojov v neziskovej organizácii bakalárska práca

Enregistré dans:
Détails bibliographiques
Auteur principal: Nagyová, Dominika
Collectivité auteur: Fakulta podnikového manažmentu EU. Katedra podnikovohospodárska
Autres auteurs: Hrušovská, Dana, 1964-
Format: Livre
Langue:slovaque
Publié: Bratislava 2024
Tags: Ajouter un tag
Pas de tags, Soyez le premier à ajouter un tag!

MARC

LEADER 00000nbm a2200000 4500
001 0302017
005 20250206092432.9
041 0 |a slo 
044 |a SK 
245 1 0 |a Využitie marketingových nástrojov v neziskovej organizácii  |b bakalárska práca  |c Dominika Nagyová ; školiteľ: Dana Hrušovská 
264 1 |a Bratislava  |c 2024 
300 |a 62 s. 
100 1 |a Nagyová, Dominika 
700 1 |a Hrušovská, Dana, 1964- 
710 2 |a Fakulta podnikového manažmentu EU. Katedra podnikovohospodárska